Normal view
MARC view
- الإسلام وأطفال الأنابيب -- التلقيح الاصطناعي البشري ( فقة اسلامي )
Entry Topical Term
001 - CONTROL NUMBER
- control field: 43870
003 - CONTROL NUMBER IDENTIFIER
- control field: JO-AjAnu
005 - DATE AND TIME OF LATEST TRANSACTION
- control field: 20230606081252.0
008 - FIXED-LENGTH DATA ELEMENTS
- fixed length control field: 230606|| aca||aabn | a|a d
040 ## - CATALOGING SOURCE
- Original cataloging agency: JO-AjAnu
- Transcribing agency: JO-AjAnu
150 ## - HEADING--TOPICAL TERM
- Topical term or geographic name entry element: الإسلام وأطفال الأنابيب -- التلقيح الاصطناعي البشري ( فقة اسلامي )
670 ## - SOURCE DATA FOUND
- Source citation: Work cat.: (JO-AjAnu)22462: علي، عبد الحليم محمد منصور , author 43869, تأجير الارحام في ضوء قواعد الحلال والحرام " دراسة فقهية مقارنة "